Barrios de Madrid: Retiro - Estadísticas

Estadísticas generales
  • Esta prueba ha sido intentada 8 veces
  • La puntuación promedio es 3 de 6
Estadísticas de respuestas
Código Barrio % Correcto
34 Ibiza
100%
31 Pacífico
75%
32 Adelfas
50%
36 Niño Jesús
50%
35 Jerónimos
25%
33 Estella
0%
No se encontraron pruebas coincidentes
Distribución de puntuación
Porcentaje de gente con cada puntuación
Porcentaje por número respondido
Historial de tus puntuaciones
No has intentado esta prueba.